00359nam a2200133 4500003000900000020001800009040002800027082001900055100001500074245004800089260003200137300002600169650003000195CO-ViMGA a9788426134165 aCO-ViMGAbspacCO-ViMGA04aI843.91bB43ph1 aBie, Linne10aEl pequeño Edu tiene hambre /cBie, Linne aBarcelona :bJuventudc2010 a[12] p. : il. ; 16 cm14aCuentos infantiles belgas